<?xml version="1.0" encoding="UTF-8"?>
<record
    xmlns:xsi="http://www.w3.org/2001/XMLSchema-instance"
    xsi:schemaLocation="http://www.loc.gov/MARC21/slim http://www.loc.gov/standards/marcxml/schema/MARC21slim.xsd"
    xmlns="http://www.loc.gov/MARC21/slim">

  <leader>00364nam a2200157Ia 4500</leader>
  <controlfield tag="003">OSt</controlfield>
  <controlfield tag="005">20240208120701.0</controlfield>
  <controlfield tag="008">170524s9999    xx            000 0 und d</controlfield>
  <datafield tag="020" ind1=" " ind2=" ">
    <subfield code="a">8182040019</subfield>
  </datafield>
  <datafield tag="040" ind1=" " ind2=" ">
    <subfield code="c">IIMT UNIVERSITY</subfield>
  </datafield>
  <datafield tag="100" ind1=" " ind2=" ">
    <subfield code="a">Sharma-D.D.</subfield>
  </datafield>
  <datafield tag="245" ind1=" " ind2="0">
    <subfield code="a">COLD KITCHEN: A GUIDE TO FOR DE MANAGER</subfield>
  </datafield>
  <datafield tag="260" ind1=" " ind2=" ">
    <subfield code="b">Aman Pub</subfield>
  </datafield>
  <datafield tag="260" ind1=" " ind2=" ">
    <subfield code="c">2004</subfield>
  </datafield>
  <datafield tag="942" ind1=" " ind2=" ">
    <subfield code="2">ddc</subfield>
    <subfield code="c">02</subfield>
  </datafield>
  <datafield tag="999" ind1=" " ind2=" ">
    <subfield code="c">7513</subfield>
    <subfield code="d">7513</subfield>
  </datafield>
  <datafield tag="952" ind1=" " ind2=" ">
    <subfield code="0">0</subfield>
    <subfield code="1">0</subfield>
    <subfield code="2">ddc</subfield>
    <subfield code="4">0</subfield>
    <subfield code="7">0</subfield>
    <subfield code="a">01</subfield>
    <subfield code="b">01</subfield>
    <subfield code="d">2017-05-30</subfield>
    <subfield code="p">01-B-78690</subfield>
    <subfield code="r">2017-05-30</subfield>
    <subfield code="u">hotel management</subfield>
    <subfield code="w">2017-05-30</subfield>
    <subfield code="y">02</subfield>
  </datafield>
  <datafield tag="952" ind1=" " ind2=" ">
    <subfield code="0">0</subfield>
    <subfield code="1">0</subfield>
    <subfield code="2">ddc</subfield>
    <subfield code="4">0</subfield>
    <subfield code="7">0</subfield>
    <subfield code="a">01</subfield>
    <subfield code="b">01</subfield>
    <subfield code="d">2017-05-30</subfield>
    <subfield code="p">01-B-78691</subfield>
    <subfield code="r">2017-05-30</subfield>
    <subfield code="u">hotel management</subfield>
    <subfield code="w">2017-05-30</subfield>
    <subfield code="y">02</subfield>
  </datafield>
  <datafield tag="952" ind1=" " ind2=" ">
    <subfield code="0">0</subfield>
    <subfield code="1">0</subfield>
    <subfield code="2">ddc</subfield>
    <subfield code="4">0</subfield>
    <subfield code="7">0</subfield>
    <subfield code="a">01</subfield>
    <subfield code="b">01</subfield>
    <subfield code="d">2017-05-30</subfield>
    <subfield code="p">01-B-78692</subfield>
    <subfield code="r">2017-05-30</subfield>
    <subfield code="u">hotel management</subfield>
    <subfield code="w">2017-05-30</subfield>
    <subfield code="y">02</subfield>
  </datafield>
  <datafield tag="952" ind1=" " ind2=" ">
    <subfield code="0">0</subfield>
    <subfield code="1">0</subfield>
    <subfield code="2">ddc</subfield>
    <subfield code="4">0</subfield>
    <subfield code="7">0</subfield>
    <subfield code="a">01</subfield>
    <subfield code="b">01</subfield>
    <subfield code="d">2017-05-30</subfield>
    <subfield code="p">01-B-78693</subfield>
    <subfield code="r">2017-05-30</subfield>
    <subfield code="u">hotel management</subfield>
    <subfield code="w">2017-05-30</subfield>
    <subfield code="y">02</subfield>
  </datafield>
  <datafield tag="952" ind1=" " ind2=" ">
    <subfield code="0">0</subfield>
    <subfield code="1">0</subfield>
    <subfield code="2">ddc</subfield>
    <subfield code="4">0</subfield>
    <subfield code="7">0</subfield>
    <subfield code="a">01</subfield>
    <subfield code="b">01</subfield>
    <subfield code="d">2017-05-30</subfield>
    <subfield code="p">01-B-78694</subfield>
    <subfield code="r">2017-05-30</subfield>
    <subfield code="u">hotel management</subfield>
    <subfield code="w">2017-05-30</subfield>
    <subfield code="y">02</subfield>
  </datafield>
  <datafield tag="952" ind1=" " ind2=" ">
    <subfield code="0">0</subfield>
    <subfield code="1">0</subfield>
    <subfield code="2">ddc</subfield>
    <subfield code="4">0</subfield>
    <subfield code="7">0</subfield>
    <subfield code="a">01</subfield>
    <subfield code="b">01</subfield>
    <subfield code="d">2017-05-30</subfield>
    <subfield code="l">2</subfield>
    <subfield code="p">01-B-78695</subfield>
    <subfield code="r">2019-02-04</subfield>
    <subfield code="s">2018-10-05</subfield>
    <subfield code="u">hotel management</subfield>
    <subfield code="w">2017-05-30</subfield>
    <subfield code="y">02</subfield>
  </datafield>
  <datafield tag="952" ind1=" " ind2=" ">
    <subfield code="0">0</subfield>
    <subfield code="1">0</subfield>
    <subfield code="2">ddc</subfield>
    <subfield code="4">0</subfield>
    <subfield code="7">0</subfield>
    <subfield code="a">01</subfield>
    <subfield code="b">01</subfield>
    <subfield code="d">2017-05-30</subfield>
    <subfield code="p">01-B-78696</subfield>
    <subfield code="r">2017-05-30</subfield>
    <subfield code="u">hotel management</subfield>
    <subfield code="w">2017-05-30</subfield>
    <subfield code="y">02</subfield>
  </datafield>
  <datafield tag="952" ind1=" " ind2=" ">
    <subfield code="0">0</subfield>
    <subfield code="1">0</subfield>
    <subfield code="2">ddc</subfield>
    <subfield code="4">0</subfield>
    <subfield code="7">0</subfield>
    <subfield code="a">01</subfield>
    <subfield code="b">01</subfield>
    <subfield code="d">2017-05-30</subfield>
    <subfield code="p">01-B-78697</subfield>
    <subfield code="r">2017-05-30</subfield>
    <subfield code="u">hotel management</subfield>
    <subfield code="w">2017-05-30</subfield>
    <subfield code="y">02</subfield>
  </datafield>
  <datafield tag="952" ind1=" " ind2=" ">
    <subfield code="0">0</subfield>
    <subfield code="1">0</subfield>
    <subfield code="2">ddc</subfield>
    <subfield code="4">0</subfield>
    <subfield code="7">0</subfield>
    <subfield code="a">01</subfield>
    <subfield code="b">01</subfield>
    <subfield code="d">2017-05-30</subfield>
    <subfield code="p">01-B-78698</subfield>
    <subfield code="r">2017-05-30</subfield>
    <subfield code="u">hotel management</subfield>
    <subfield code="w">2017-05-30</subfield>
    <subfield code="y">02</subfield>
  </datafield>
  <datafield tag="952" ind1=" " ind2=" ">
    <subfield code="0">0</subfield>
    <subfield code="1">0</subfield>
    <subfield code="2">ddc</subfield>
    <subfield code="4">0</subfield>
    <subfield code="7">0</subfield>
    <subfield code="a">01</subfield>
    <subfield code="b">01</subfield>
    <subfield code="d">2017-05-30</subfield>
    <subfield code="p">01-B-78699</subfield>
    <subfield code="r">2017-05-30</subfield>
    <subfield code="u">hotel management</subfield>
    <subfield code="w">2017-05-30</subfield>
    <subfield code="y">02</subfield>
  </datafield>
  <datafield tag="952" ind1=" " ind2=" ">
    <subfield code="0">0</subfield>
    <subfield code="1">0</subfield>
    <subfield code="2">ddc</subfield>
    <subfield code="4">0</subfield>
    <subfield code="7">0</subfield>
    <subfield code="a">01</subfield>
    <subfield code="b">01</subfield>
    <subfield code="d">2017-05-30</subfield>
    <subfield code="p">01-B-78700</subfield>
    <subfield code="r">2017-05-30</subfield>
    <subfield code="u">hotel management</subfield>
    <subfield code="w">2017-05-30</subfield>
    <subfield code="y">02</subfield>
  </datafield>
  <datafield tag="952" ind1=" " ind2=" ">
    <subfield code="0">0</subfield>
    <subfield code="1">0</subfield>
    <subfield code="2">ddc</subfield>
    <subfield code="4">0</subfield>
    <subfield code="7">0</subfield>
    <subfield code="a">01</subfield>
    <subfield code="b">01</subfield>
    <subfield code="d">2017-05-30</subfield>
    <subfield code="p">01-B-78701</subfield>
    <subfield code="r">2017-05-30</subfield>
    <subfield code="u">hotel management</subfield>
    <subfield code="w">2017-05-30</subfield>
    <subfield code="y">02</subfield>
  </datafield>
  <datafield tag="952" ind1=" " ind2=" ">
    <subfield code="0">0</subfield>
    <subfield code="1">0</subfield>
    <subfield code="2">ddc</subfield>
    <subfield code="4">0</subfield>
    <subfield code="7">0</subfield>
    <subfield code="a">01</subfield>
    <subfield code="b">01</subfield>
    <subfield code="d">2017-05-30</subfield>
    <subfield code="p">01-B-78702</subfield>
    <subfield code="r">2017-05-30</subfield>
    <subfield code="u">hotel management</subfield>
    <subfield code="w">2017-05-30</subfield>
    <subfield code="y">02</subfield>
  </datafield>
  <datafield tag="952" ind1=" " ind2=" ">
    <subfield code="0">0</subfield>
    <subfield code="1">0</subfield>
    <subfield code="2">ddc</subfield>
    <subfield code="4">0</subfield>
    <subfield code="7">0</subfield>
    <subfield code="a">01</subfield>
    <subfield code="b">01</subfield>
    <subfield code="d">2017-05-30</subfield>
    <subfield code="p">01-B-78703</subfield>
    <subfield code="r">2017-05-30</subfield>
    <subfield code="u">hotel management</subfield>
    <subfield code="w">2017-05-30</subfield>
    <subfield code="y">02</subfield>
  </datafield>
  <datafield tag="952" ind1=" " ind2=" ">
    <subfield code="0">0</subfield>
    <subfield code="1">0</subfield>
    <subfield code="2">ddc</subfield>
    <subfield code="4">0</subfield>
    <subfield code="7">0</subfield>
    <subfield code="a">01</subfield>
    <subfield code="b">01</subfield>
    <subfield code="d">2017-05-30</subfield>
    <subfield code="p">01-B-78704</subfield>
    <subfield code="r">2017-05-30</subfield>
    <subfield code="u">hotel management</subfield>
    <subfield code="w">2017-05-30</subfield>
    <subfield code="y">02</subfield>
  </datafield>
  <datafield tag="952" ind1=" " ind2=" ">
    <subfield code="0">0</subfield>
    <subfield code="1">0</subfield>
    <subfield code="2">ddc</subfield>
    <subfield code="4">0</subfield>
    <subfield code="7">0</subfield>
    <subfield code="a">01</subfield>
    <subfield code="b">01</subfield>
    <subfield code="d">2017-05-30</subfield>
    <subfield code="p">01-B-78705</subfield>
    <subfield code="r">2017-05-30</subfield>
    <subfield code="u">hotel management</subfield>
    <subfield code="w">2017-05-30</subfield>
    <subfield code="y">02</subfield>
  </datafield>
  <datafield tag="952" ind1=" " ind2=" ">
    <subfield code="0">0</subfield>
    <subfield code="1">0</subfield>
    <subfield code="2">ddc</subfield>
    <subfield code="4">0</subfield>
    <subfield code="7">0</subfield>
    <subfield code="a">01</subfield>
    <subfield code="b">01</subfield>
    <subfield code="d">2017-05-30</subfield>
    <subfield code="p">01-B-78706</subfield>
    <subfield code="r">2017-05-30</subfield>
    <subfield code="u">hotel management</subfield>
    <subfield code="w">2017-05-30</subfield>
    <subfield code="y">02</subfield>
  </datafield>
  <datafield tag="952" ind1=" " ind2=" ">
    <subfield code="0">0</subfield>
    <subfield code="1">0</subfield>
    <subfield code="2">ddc</subfield>
    <subfield code="4">0</subfield>
    <subfield code="7">0</subfield>
    <subfield code="a">01</subfield>
    <subfield code="b">01</subfield>
    <subfield code="d">2017-05-30</subfield>
    <subfield code="p">01-B-78707</subfield>
    <subfield code="r">2017-05-30</subfield>
    <subfield code="u">hotel management</subfield>
    <subfield code="w">2017-05-30</subfield>
    <subfield code="y">02</subfield>
  </datafield>
  <datafield tag="952" ind1=" " ind2=" ">
    <subfield code="0">0</subfield>
    <subfield code="1">0</subfield>
    <subfield code="2">ddc</subfield>
    <subfield code="4">0</subfield>
    <subfield code="7">0</subfield>
    <subfield code="a">01</subfield>
    <subfield code="b">01</subfield>
    <subfield code="d">2017-05-30</subfield>
    <subfield code="p">01-B-78708</subfield>
    <subfield code="r">2017-05-30</subfield>
    <subfield code="u">hotel management</subfield>
    <subfield code="w">2017-05-30</subfield>
    <subfield code="y">02</subfield>
  </datafield>
  <datafield tag="952" ind1=" " ind2=" ">
    <subfield code="0">0</subfield>
    <subfield code="1">0</subfield>
    <subfield code="2">ddc</subfield>
    <subfield code="4">0</subfield>
    <subfield code="7">0</subfield>
    <subfield code="a">01</subfield>
    <subfield code="b">01</subfield>
    <subfield code="d">2017-05-30</subfield>
    <subfield code="p">01-B-78709</subfield>
    <subfield code="r">2017-05-30</subfield>
    <subfield code="u">hotel management</subfield>
    <subfield code="w">2017-05-30</subfield>
    <subfield code="y">02</subfield>
  </datafield>
  <datafield tag="952" ind1=" " ind2=" ">
    <subfield code="0">0</subfield>
    <subfield code="1">0</subfield>
    <subfield code="2">ddc</subfield>
    <subfield code="4">0</subfield>
    <subfield code="7">0</subfield>
    <subfield code="a">01</subfield>
    <subfield code="b">01</subfield>
    <subfield code="d">2017-05-30</subfield>
    <subfield code="l">3</subfield>
    <subfield code="p">01-B-78710</subfield>
    <subfield code="r">2019-02-05</subfield>
    <subfield code="s">2018-10-24</subfield>
    <subfield code="u">hotel management</subfield>
    <subfield code="w">2017-05-30</subfield>
    <subfield code="y">02</subfield>
  </datafield>
  <datafield tag="952" ind1=" " ind2=" ">
    <subfield code="0">0</subfield>
    <subfield code="1">0</subfield>
    <subfield code="2">ddc</subfield>
    <subfield code="4">0</subfield>
    <subfield code="7">0</subfield>
    <subfield code="a">01</subfield>
    <subfield code="b">01</subfield>
    <subfield code="d">2017-05-30</subfield>
    <subfield code="p">01-B-78711</subfield>
    <subfield code="r">2017-05-30</subfield>
    <subfield code="u">hotel management</subfield>
    <subfield code="w">2017-05-30</subfield>
    <subfield code="y">02</subfield>
  </datafield>
  <datafield tag="952" ind1=" " ind2=" ">
    <subfield code="0">0</subfield>
    <subfield code="1">0</subfield>
    <subfield code="2">ddc</subfield>
    <subfield code="4">0</subfield>
    <subfield code="7">0</subfield>
    <subfield code="a">01</subfield>
    <subfield code="b">01</subfield>
    <subfield code="d">2017-05-30</subfield>
    <subfield code="p">01-B-78712</subfield>
    <subfield code="r">2017-05-30</subfield>
    <subfield code="u">hotel management</subfield>
    <subfield code="w">2017-05-30</subfield>
    <subfield code="y">02</subfield>
  </datafield>
  <datafield tag="952" ind1=" " ind2=" ">
    <subfield code="0">0</subfield>
    <subfield code="1">0</subfield>
    <subfield code="2">ddc</subfield>
    <subfield code="4">0</subfield>
    <subfield code="7">0</subfield>
    <subfield code="a">01</subfield>
    <subfield code="b">01</subfield>
    <subfield code="d">2017-05-30</subfield>
    <subfield code="p">01-B-78713</subfield>
    <subfield code="r">2017-05-30</subfield>
    <subfield code="u">hotel management</subfield>
    <subfield code="w">2017-05-30</subfield>
    <subfield code="y">02</subfield>
  </datafield>
  <datafield tag="952" ind1=" " ind2=" ">
    <subfield code="0">0</subfield>
    <subfield code="1">0</subfield>
    <subfield code="2">ddc</subfield>
    <subfield code="4">0</subfield>
    <subfield code="7">0</subfield>
    <subfield code="a">01</subfield>
    <subfield code="b">01</subfield>
    <subfield code="d">2017-05-30</subfield>
    <subfield code="p">01-B-78714</subfield>
    <subfield code="r">2017-05-30</subfield>
    <subfield code="u">hotel management</subfield>
    <subfield code="w">2017-05-30</subfield>
    <subfield code="y">02</subfield>
  </datafield>
  <datafield tag="952" ind1=" " ind2=" ">
    <subfield code="0">0</subfield>
    <subfield code="1">0</subfield>
    <subfield code="2">ddc</subfield>
    <subfield code="4">0</subfield>
    <subfield code="7">0</subfield>
    <subfield code="a">01</subfield>
    <subfield code="b">01</subfield>
    <subfield code="d">2017-05-30</subfield>
    <subfield code="l">2</subfield>
    <subfield code="p">01-B-78715</subfield>
    <subfield code="r">2019-02-05</subfield>
    <subfield code="s">2018-09-29</subfield>
    <subfield code="u">hotel management</subfield>
    <subfield code="w">2017-05-30</subfield>
    <subfield code="y">02</subfield>
  </datafield>
  <datafield tag="952" ind1=" " ind2=" ">
    <subfield code="0">0</subfield>
    <subfield code="1">0</subfield>
    <subfield code="2">ddc</subfield>
    <subfield code="4">0</subfield>
    <subfield code="7">0</subfield>
    <subfield code="a">01</subfield>
    <subfield code="b">01</subfield>
    <subfield code="d">2017-05-30</subfield>
    <subfield code="p">01-B-78716</subfield>
    <subfield code="r">2017-05-30</subfield>
    <subfield code="u">hotel management</subfield>
    <subfield code="w">2017-05-30</subfield>
    <subfield code="y">02</subfield>
  </datafield>
  <datafield tag="952" ind1=" " ind2=" ">
    <subfield code="0">0</subfield>
    <subfield code="1">0</subfield>
    <subfield code="2">ddc</subfield>
    <subfield code="4">0</subfield>
    <subfield code="7">0</subfield>
    <subfield code="a">01</subfield>
    <subfield code="b">01</subfield>
    <subfield code="d">2017-05-30</subfield>
    <subfield code="p">01-B-78717</subfield>
    <subfield code="r">2017-05-30</subfield>
    <subfield code="u">hotel management</subfield>
    <subfield code="w">2017-05-30</subfield>
    <subfield code="y">02</subfield>
  </datafield>
  <datafield tag="952" ind1=" " ind2=" ">
    <subfield code="0">0</subfield>
    <subfield code="1">0</subfield>
    <subfield code="2">ddc</subfield>
    <subfield code="4">0</subfield>
    <subfield code="7">0</subfield>
    <subfield code="a">01</subfield>
    <subfield code="b">01</subfield>
    <subfield code="d">2017-05-30</subfield>
    <subfield code="p">01-B-78718</subfield>
    <subfield code="r">2017-05-30</subfield>
    <subfield code="u">hotel management</subfield>
    <subfield code="w">2017-05-30</subfield>
    <subfield code="y">02</subfield>
  </datafield>
  <datafield tag="952" ind1=" " ind2=" ">
    <subfield code="0">0</subfield>
    <subfield code="1">0</subfield>
    <subfield code="2">ddc</subfield>
    <subfield code="4">0</subfield>
    <subfield code="7">0</subfield>
    <subfield code="a">01</subfield>
    <subfield code="b">01</subfield>
    <subfield code="d">2017-05-30</subfield>
    <subfield code="p">01-B-78719</subfield>
    <subfield code="r">2017-05-30</subfield>
    <subfield code="u">hotel management</subfield>
    <subfield code="w">2017-05-30</subfield>
    <subfield code="y">02</subfield>
  </datafield>
</record>
